| 000 | 01202nam a2200325 i 4500 | ||
|---|---|---|---|
| 003 | EG-ScBUE | ||
| 005 | 20250522135410.0 | ||
| 008 | 250429r19801978enka f b 001 0 eng d | ||
| 020 | _a0521216893 | ||
| 020 | _a0521292336 | ||
| 040 |
_aEG-ScBUE _beng _erda _cEG-ScBUE _dEG-ScBUE |
||
| 082 | 0 | 4 |
_a532.0593 _bLIG _222 |
| 100 | 1 |
_aLighthill, M. J., _eauthor. |
|
| 245 | 1 | 0 |
_aWaves in fluids / _cJames Lighthill, lucasian professor of applied mathematics, University of Cambridge. |
| 250 | _aReprinted edition. | ||
| 264 | 1 |
_aCambridge : _bCambridge University Press, _c1980. |
|
| 300 |
_axv, 504 pages : _billustrations ; _c24 cm |
||
| 336 |
_2rdacontent _atext _btxt |
||
| 337 |
_aunmediated _2rdamedia _bn |
||
| 338 |
_avolume _bnc _2rdacarrier |
||
| 504 | _aIncludes bibliographical references and index. | ||
| 650 | 7 |
_aWaves. _2BUEsh |
|
| 650 | 7 |
_aFluid dynamics. _2BUEsh |
|
| 650 | 7 |
_aWave-motion, Theory of. _2BUEsh |
|
| 655 | _vReading book | ||
| 856 | 4 | 2 |
_3Publisher description _uhttp://www.loc.gov/catdir/description/cam022/77008174.html |
| 856 | 4 | 2 |
_3Table of contents _uhttp://www.loc.gov/catdir/toc/cam027/77008174.html |
| 942 |
_cBB _2ddc |
||
| 999 |
_c1817 _d1817 |
||